Urban Legends and Creepypastas - Statistics

General Stats
  • This quiz has been taken 508 times
  • The average score is 7 of 30
Answer Stats
Hint Answer % Correct
He has no face and wears a suit, pursues mainly children Slender Man
94%
She will appear after you chant her name multiple times before a mirror in a candle-lit room Bloody Mary
89%
GO TO SLEEP Jeff the Killer
64%
Planes and ships disappear when entering this ocean area The Bermuda Triangle
60%
The demonic version of Steve in Minecraft Herobrine
51%
'Cursed' doll that inspired two horror movies of the same name (and both are in the same series) Annabelle
39%
Suicidal music from a Pokemon game Lavender Town Syndrome
37%
Grotesquely grins at you telling you to spread the word Smile Dog
36%
Inmates involved in this project cannot sleep for some days and eventually go mad The Russian Sleep Experiment
31%
You've met with a terrible fate, haven't you?/You shouldn't have done that... Ben Drowned
30%
This popular soft drink brings about even worse dental effects Coca-Cola dissolves teeth
25%
Bacteria need a few seconds to reach items dropped on the ground Five-Second Rule
19%
Scary puppet TV show for children Candle Cove
18%
Spongebob episode which Tentacles shot himself after merciless booing Squidward's Suicide
17%
Either kills you or cuts open your mouth after asking 'Am I pretty?' The Slit-mouthed Woman
16%
Russian game that helps players to commit suicide Blue Whale
14%
Do you want red paper or blue paper? Red Cape
7%
A 'good' driver behind your car flicks the headlights to avoid your death Killer in the Backseat
6%
Series of adventures into a terrifying cave system Ted the Caver
6%
Rumored apocalypse date involving powerful solar flares and a collision with a planet with accordance to Mayan prophecy (Enter the date as DD/MM/YYYY or full word form) Doomsday on 21st December, 2012
5%
Unfortunate couple murdered by mental institute escapee The Hook
5%
They disappear from driving cars The Vanishing Hitchhiker
5%
Don't flush your alligators down the drain Reptiles in the Sewers
4%
Burglar lost fingers to a dog Choking Doberman
3%
Creepy midget who stalks families by pretending to be static, thought to be the source of coulrophobia The Clown Statue
3%
You wake up in a bathtub full of ice to find that one of your internal organs is missing The Kidney Harvester
3%
Humans can lick, too The Licked Hand
3%
A boil on a woman's cheek that bursts to let go thousands of arachnids The Spider Bite
3%
Remember to look after your child in the floor above you The Man Upstairs
1%
Aren't you glad you didn't turn on the light? The Roommate's Death
1%
No matching quizzes found
Score Distribution
Percent of People with Each Score
Percentile by Number Answered
Your Score History
You have not taken this quiz